Pro Exchange Server 2013 Administration

Pro Exchange Server 2013 Administration is your best-in-class companion for gaining a deep, thorough understanding of Microsoft’s powerful enterprise collaboration and communications server. Author Jaap Wesselius is at your side as you administer every facet of Exchange Server 2013, revealing tips,...

Πλήρης περιγραφή

Λεπτομέρειες βιβλιογραφικής εγγραφής
Κύριος συγγραφέας: Wesselius, Jaap (Συγγραφέας)
Συγγραφή απο Οργανισμό/Αρχή: SpringerLink (Online service)
Μορφή: Ηλεκτρονική πηγή Ηλ. βιβλίο
Γλώσσα:English
Έκδοση: Berkeley, CA : Apress : Imprint: Apress, 2014.
Θέματα:
Διαθέσιμο Online:Full Text via HEAL-Link
LEADER 02822nam a22003855i 4500
001 978-1-4302-4696-1
003 DE-He213
005 20150716150724.0
007 cr nn 008mamaa
008 140228s2014 xxu| s |||| 0|eng d
020 |a 9781430246961  |9 978-1-4302-4696-1 
024 7 |a 10.1007/978-1-4302-4696-1  |2 doi 
040 |d GrThAP 
050 4 |a QA75.5-76.95 
072 7 |a UY  |2 bicssc 
072 7 |a COM014000  |2 bisacsh 
082 0 4 |a 004  |2 23 
100 1 |a Wesselius, Jaap.  |e author. 
245 1 0 |a Pro Exchange Server 2013 Administration  |h [electronic resource] /  |c by Jaap Wesselius. 
264 1 |a Berkeley, CA :  |b Apress :  |b Imprint: Apress,  |c 2014. 
300 |a XV, 204 p. 249 illus.  |b online resource. 
336 |a text  |b txt  |2 rdacontent 
337 |a computer  |b c  |2 rdamedia 
338 |a online resource  |b cr  |2 rdacarrier 
347 |a text file  |b PDF  |2 rda 
520 |a Pro Exchange Server 2013 Administration is your best-in-class companion for gaining a deep, thorough understanding of Microsoft’s powerful enterprise collaboration and communications server. Author Jaap Wesselius is at your side as you administer every facet of Exchange Server 2013, revealing tips, tricks, and little known facts that will make your administration life simpler and more effective. Along with revealing what’s new in Exchange Server 2013, this well-paced, deeply engaging tutorial provides detailed deployment guidance, for upgraders and migrators as well as for organizations entirely new to the Exchange platform. The book details how all of the major Exchange components fit together, from SMTP messages to all kinds of clients. It also provides in-depth configuration examples with an eye toward creating scalable, reliable, and secure installations. Additionally, this guide covers the tools and techniques for monitoring an Exchange environment and troubleshooting when things go wrong. With Pro Exchange Server 2013 Administration, you will: • Learn how to install Exchange Server fresh or upgrade from a previous version • Get a comprehensive understanding of Exchange, with thorough coverage of Mailbox server and Client Access server • Understand the tools and techniques for configuring and managing your Exchange deployment to ensure scalability, reliability, efficiency and security • Learn how to monitor your deployment and prepare for any problems and how to troubleshoot any problems that do arise. 
650 0 |a Computer science. 
650 1 4 |a Computer Science. 
650 2 4 |a Computer Science, general. 
710 2 |a SpringerLink (Online service) 
773 0 |t Springer eBooks 
776 0 8 |i Printed edition:  |z 9781430246954 
856 4 0 |u http://dx.doi.org/10.1007/978-1-4302-4696-1  |z Full Text via HEAL-Link 
912 |a ZDB-2-CWD 
950 |a Professional and Applied Computing (Springer-12059)